Game of Thrones Actor to Character quiz - Statistics

General Stats
  • This quiz has been taken 81 times
    72 since last reset
  • The average score is 29 of 36
Answer Stats
Answer % Correct
Kit Harington Jon
97%
Sophie Turner Sansa
97%
Peter Dinklage Tyrion
97%
Maisie Williams Arya
95%
Nikolaj Coster-Waldau Jaime
95%
Lena Headey Cersei
93%
Emilia Clarke Daenerys
93%
Sean Bean Eddard
93%
Gwendoline Christie Brienne
92%
Jason Momoa Drogo
92%
Alfie Allen Theon
92%
Charles Dance Tywin
92%
Rose Leslie Ygritte
92%
Jack Gleeson Joffrey
90%
Natalie Dormer Margaery
89%
Richard Madden Robb
89%
Iwan Rheon Ramsay
87%
Pedro Pascal Oberyn
85%
Isaac Hempstead-Wright Bran
84%
Liam Cunningham Davos
84%
Carice van Houten Melisandre
84%
Jerome Flynn Bronn
82%
Michelle Fairley Catelyn
82%
Iain Glen Jorah
80%
Rory McCann the Hound
80%
John Bradley Samwell
77%
Conleth Hill Varys
77%
Nathalie Emmanuel Missandei
75%
Hannah Murray Gilly
70%
Kristofer Hivju Tormund
67%
Gemma Whelan Yara
66%
Kristian Nairn Hodor
62%
Jacob Anderson Grey Worm
59%
Daniel Portman Podrick
56%
Michiel Huisman Daario
51%
Pilou Asbaek Euron
44%
No matching quizzes found
Score Distribution
Percent of People with Each Score
Percentile by Number Answered
Your Score History
You have not taken this quiz since the last reset